| 000 | 00605cam a2200169 a 4500 | ||
|---|---|---|---|
| 082 | 0 | 0 |
_a355.425 _bFAR |
| 100 | 1 |
_aFarran, Roy Alexander. _948790 |
|
| 245 | 1 | 0 |
_aWinged dagger : _cby Roy Farran. |
| 260 |
_aLondon ; _aNew York : _bArms and Armour Press ; _aNew York, N.Y. : _bDistributed in the USA by Sterling Pub. Co., _c1948. |
||
| 300 |
_a384 p. : _bill., maps ; _c23 cm. |
||
| 526 |
_a0 _b0 _c0 _d355_425000000000000_FAR |
||
| 526 |
_a0 _b0 _c0 _d355_425000000000000_FAR |
||
| 526 |
_a0 _b0 _c0 _d355_425000000000000_FAR |
||
| 526 |
_a0 _b0 _c0 _d355_425000000000000_FAR |
||
| 650 | 0 |
_aMCE _9379 |
|
| 942 |
_2ddc _cBK |
||
| 999 |
_c551645 _d551645 |
||